000 02023cam a22005894i 4500
003 PE-LiUPU
005 20250731170445.0
008 150706s r 000 0 d
020 _a8436820169
035 _a(Sirsi) i9788436820164
040 _aPE-LiUPU
_bspa
_cPE-LiUPU
_erda
049 _aPRUA
082 0 4 _a159.943
_bS42
_221
100 1 _aSerrano Pintado, Isabel,
_eautor.
245 1 3 _aEl niño agresivo /
_cIsabel Serrano Pintado.
264 1 _aMadrid :
_bPirámide,
_c2006.
300 _a182 páginas :
_bilustraciones ;
_c22 centímetros
336 _atext
_2rdacontent
337 _aunmediated
_2rdamedia
338 _avolume
_2rdacarrier
504 _aIncluye bibliografía.
505 0 _a¿Qué es la agresividad infantil? -- Causas del comportamiento agresivo -- Guía para definir y explicar la conducta agresiva -- ¿Qué procedimientos pueden ayudarme? -- Y ahora . ¿qué hago? -- Cómo puedo prevenir el comportamiento agresivo en mis hijos?.
526 _aSEG68
526 _aSEG70
526 _aSEG69
526 _aSEG67
526 _aSEG43
526 _aP144
526 _aP143
526 _aP131
526 _aP122
526 _aP120
526 _aP117
526 _aP112
526 _aP110
526 _aP106
526 _aP101
526 _aP80
526 _aP59
526 _aP54
526 _aP35
526 _aP33
526 _aP30
541 _g001-0114464;
650 0 4 _aAgresividad en niños.
910 _blch
_clch
_d20090603
942 _2ddc
_cBOOK
949 _a159.943 S42
_wDEWEY
_c1
_i59697
_d2016-4-13
_e2016-4-10
_lCCODEBUL1
_mBUL
_n3
_p17.00
_r0
_sY
_tBOOK
_u2015-7-6
_xEDUCACION
_PP20
_0COMPRA
_o.STAFF. Colección General
994 _aC0
_bPEPRU
596 _a1
999 _a159.943 S42
_wDEWEY
_c49248
_i59697
_d49248
_e2019-8-14
_f2021-11-8
_g5
_lCCODEBUL1
_mBUL
_n4
_p17.00
_q4
_r0
_sY
_tBOOK
_u2015-7-6
_xEDUCACION
_PP20
_0COMPRA
_o.STAFF. Colección General
980 _81
_gALBERTO SANCHEZ Responsable de Automatización